The lamb's war / (Record no. 5458)

MARC details
000 -LEADER
fixed length control field 00683cam a2200241 i 4500
001 - CONTROL NUMBER
control field 2264637
003 - CONTROL NUMBER IDENTIFIER
control field GBCCL
005 - DATE AND TIME OF LATEST TRANSACTION
control field 20241126110542.0
008 - FIXED-LENGTH DATA ELEMENTS--GENERAL INFORMATION
fixed length control field 781208s1980 nyu 000 1 eng
010 ## -
-- 78020201
020 ## - INTERNATIONAL STANDARD BOOK NUMBER
International Standard Book Number 0060109955 :
Terms of availability $12.95
040 ## - CATALOGING SOURCE
Original cataloging agency DLC
Transcribing agency DLC
Modifying agency DLC
-- OCoLC
050 00 -
-- PZ3.H258
-- Lam 1980
-- PR6015.A674
082 00 - DEWEY DECIMAL CLASSIFICATION NUMBER
Classification number 813.54
Edition information 19
Item number DEH
100 1# - MAIN ENTRY--PERSONAL NAME
Personal name De Hartog, Jan,
Dates associated with a name 1914-2002.
9 (RLIN) 9806
245 14 - TITLE STATEMENT
Title The lamb's war /
Statement of responsibility, etc. Jan De Hartog.
250 ## - EDITION STATEMENT
Edition statement 1st ed.
260 ## - PUBLICATION, DISTRIBUTION, ETC.
Place of publication, distribution, etc. New York :
Name of publisher, distributor, etc. Harper & Row,
Date of publication, distribution, etc. c1980.
300 ## - PHYSICAL DESCRIPTION
Extent 443 p. ;
Dimensions 24 cm.
650 #0 - SUBJECT ADDED ENTRY--TOPICAL TERM
Topical term or geographic name entry element Quakers
General subdivision Fiction.
9 (RLIN) 9807
906 ## - LOCAL DATA ELEMENT F, LDF (RLIN)
a 7
b cbc
c orignew
d 1
e ocip
f 19
g y-gencatlg
942 ## - ADDED ENTRY ELEMENTS (KOHA)
Source of classification or shelving scheme Dewey Decimal Classification
Koha item type Books
Holdings
Withdrawn status Lost status Source of classification or shelving scheme Damaged status Not for loan Home library Current Library Shelving location Date acquired Total checkouts Full call number Barcode Date last seen Copy number Price effective from Koha item type
    Dewey Decimal Classification     GRACE BIBLE COLLEGE GRACE BIBLE COLLEGE General Studies 2018-03-21   813.54 DEH 002328 2025-05-01 c.1 2018-03-21 Books
© Grace Bible College Library 2025